| 000 | 00397nam a2200145Ia 4500 | ||
|---|---|---|---|
| 005 | 20240807062517.0 | ||
| 008 | 240806s9999||||xx |||||||||||||| ||eng|| | ||
| 041 | _aeng | ||
| 100 | _aDwivedi, Kailash Nath | ||
| 245 | 0 |
_aKalidas ki kritiyon me bhaugolik sthalon ka pratyabhigyan / _cDwivedi, Kailash Nath |
|
| 260 | _bSahitya Niketan, Kanpur | ||
| 300 | _a302p. | ||
| 650 | _aHindi | ||
| 942 | _cBK | ||
| 999 |
_c21079 _d21079 |
||